Statystyki dla Zjednoczone Królestwo dla Amerykanów - prawda czy fałsz

Kliknij tutaj aby rozwiązać quiz!

Ogólne statystyki

  • Ten quiz został rozwiązany 104 razy
  • Średni wynik to 11 z 18

Statystyki odpowiedzi

ZagadnienieOdpowiedź% Poprawnych
Aby podróżować między Anglią a Szkocją, potrzebujesz paszportuFałsz
82%
Kara śmierci jest nadal praktykowana w Wielkiej Brytanii.Fałsz
78%
Na szkockim weselu pan młody często nosi kiltPrawda
78%
Południe Anglii jest bogatsze niż północPrawda
74%
Aby oglądać transmisje na żywo w telewizji domowej, musisz wnosić roczną opłatęPrawda
70%
Jajka zwykle NIE są przechowywane w lodówce w sklepie spożywczymPrawda
70%
Technicznie rzecz biorąc, wszystkie ustawy uchwalone przez parlament muszą zostać zatwierdzone przez królową, zanim wejdą w życiePrawda
69%
Rzymianie zbudowali StonehengeFałsz
64%
Wielka Brytania ma kilka aktywnych wulkanówFałsz
64%
Większość ludzi w Walii mówi w domu w języku walijskimFałsz
61%
Słowo „piłka nożna” pochodzi z Wielkiej Brytanii.Prawda
57%
Kajmany to terytorium Wielkiej BrytaniiPrawda
52%
Aby zdobyć tytuł rycerski, musisz służyć w wojskuFałsz
51%
Wielka Brytania ma pisemną konstytucję podobną do Stanów ZjednoczonychFałsz
51%
Niektóre monety używane w Wielkiej Brytanii nie są okrągłePrawda
41%
Akcent Cockney pochodzi z przemysłowych miast na północy AngliiFałsz
34%
Muhammad to najpopularniejsze imię chłopców urodzonych w LondyniePrawda
34%
„The Hound and Hares” to najpopularniejsze nazwy pubów w Wielkiej Brytanii.Fałsz
32%

Rozkład punktacji

Percentyl według liczby udzielonych odpowiedzi

Procent ludzi z każdym wynikiem

Twoja historia wyników

Nie rozwiązałeś tego quizu